000
00281nam a22001217a 4500
020
_a
0-600-34366-9
082
_a
030 BAI'H
100
_a
BAILEY, K
_9
75836
245
_a
THE HAMLYN YOUGER CHLIDREN'S ENCYCLOPEDIA
260
_a
LONDON
_b
HAMLYN
_c
1972
300
_a
755P
942
_c
BK
999
_c
581249
_d
581249